200 words to help you talk about sexuality & gender /

Guardat en:
Dades bibliogràfiques
Autor principal: Sloan, Kate
Format: Llibre
Idioma:anglès
Publicat: London : Laurence King Publishing, 2022
Etiquetes: Afegir etiqueta
Sense etiquetes, Sigues el primer a etiquetar aquest registre!

MARC

LEADER 00000nam a22000007i 4500
001 IT\ICCU\UBO\4878501
003 ItRI
005 20260115232007.0
008 250515s2022 xxk|||||| ||||| |||||c
020 |a 9780857829504 
040 |b ita  |c importazione bologna sebina 
041 7 |a eng  |2 ISO-639-2 
100 1 |a Sloan, Kate  |0 IT\ICCU\UBOV\157191 
240 1 0 |a 200 words to help you talk about sexuality & gender  |3 IT\ICCU\UBO\4878503  |9 Sloan, Kate 
245 1 0 |a 200 words to help you talk about sexuality & gender /  |c Kate Sloan. 
246 1 3 |a Two hundred words to help you talk about sexuality & gender  |9 IT\ICCU\UBO\4878504 
260 |a London :  |b Laurence King Publishing,  |c 2022 
300 |a 142 p. ;  |c 19 cm. 
942 |2 ddc  |c BK  |n 0 
952 |0 0  |1 0  |4 0  |6 DOC_306_703000000000000_SLO  |7 0  |9 18599  |a BO  |b BO  |d 2026-01-15  |i 20746  |l 0  |o DOC 306.703 SLO  |p BO20746  |r 2026-01-15 23:20:07  |w 2026-01-15  |x [Sebina 5] [1 v.]  |y BK  |z 1 v. 
999 |c 15763  |d 15763